| 000 | 003410000a22001450004500 | ||
|---|---|---|---|
| 003 | MACL | ||
| 040 | _aMACL | ||
| 090 |
_c32043 _d32041 |
||
| 100 | _aBouton, Gary David | ||
| 245 | _aAdobe Photoshop 5.5 Fundamentals With Image Ready 2 | ||
| 260 | _bTechmedia | ||
| 350 | _a195 | ||
| 650 | _aComputer Nature Science | ||
| 942 |
_cBOOK _k004/Bol |
||
| 999 |
_c31719 _d31719 |
||